000 00408nam a22001697a 4500
005 20180707125130.0
008 160525b xxu||||| |||| 00| 0 eng d
020 _a81-7629-196-X
041 _aeng
082 _b4803
_a658.15
100 _aRao, Mohana P
_91195
245 _aFinancial Management
260 _aNew Delhi
_bAcademic Faundation
300 _a381p,
650 _aManagement
_9241
942 _cBK
999 _c1635
_d1634